Movies Quiz

Random Movies or Letter Quiz

'J' Movies by Picture Quiz Stats

Quiz Updated Oct 16, 2012

Challenge
Share
Tweet
Score 0/25 Timer 06:00
0 Plays Today
Grid Location Movie % Correct
The Jungle Book
98%
Jaws
94.2%
Jurassic Park
90.9%
Juno
85.8%
Jumanji
73.7%
Jarhead
65.1%
James and the Giant Peach
60.8%
Jerry Maguire
59.4%
Julie and Julia
59%
Jailhouse Rock
58%
Journey to the Center of the Earth
56.3%
Joe Dirt
54%
Judge Dredd
43.2%
Grid Location Movie % Correct
Jay and Silent Bob Strike Back
42.7%
The Jerk
42.4%
Jennifer's Body
38.5%
Jingle All the Way
37.1%
JFK
35.8%
Joe Versus the Volcano
33.3%
Jackie Brown
31.8%
Jackass: Number Two
28.5%
Jersey Girl
28.3%
Jason and the Argonauts
25.8%
The Jackal
19.9%
Johnny Dangerously
11.3%

You're not logged in!

Compare scores with friends on all Sporcle quizzes.
Join for Free
OR
Log In

You Might Also Like...

Show Comments

Extras

Top Quizzes Today


Score Distribution

Your Account Isn't Verified!

In order to create a playlist on Sporcle, you need to verify the email address you used during registration. Go to your Sporcle Settings to finish the process.

Report this User

Report this user for behavior that violates our Community Guidelines.

Details: